Green Investment Efficiency Analysis bakalárska práca

Salvato in:
Dettagli Bibliografici
Autore principale: Farský, Samuel
Ente Autore: Fakulta podnikového manažmentu EU. Katedra podnikovohospodárska
Altri autori: Grisáková, Nora, 1978-
Natura: Libro
Lingua:inglese
Pubblicazione: Bratislava 2021
Tags: Aggiungi Tag
Nessun Tag, puoi essere il primo ad aggiungerne!!

MARC

LEADER 00000nbm a2200000 4500
001 0275849
005 20211118105109.4
041 0 |a eng 
044 |a SK 
245 1 0 |a Green Investment Efficiency Analysis  |b bakalárska práca  |c Samuel Farský ; školiteľ: Nora Grisáková 
264 1 |a Bratislava  |c 2021 
300 |a 51 s. 
100 1 |a Farský, Samuel 
700 1 |a Grisáková, Nora, 1978- 
710 2 |a Fakulta podnikového manažmentu EU. Katedra podnikovohospodárska